Curso de direito processual civil / (Record no. 590)

MARC details
000 -LÍDER
Campo Fixo de Controle 01123nam a2200313 a 4500
001 - NÚMERO DE CONTROLE
Campo de Controle 590
003 - IDENTIFICAÇÃO DO NÚMERO DE CONTROLE
Campo de Controle BR-CuiBMT
005 - DATA E HORA DA ÚLTIMA ATUALIZAÇÃO
Campo de Controle 20231127040802.0
008 - DADOS FIXOS
Dados Fixos 231109s2012 bab 000 0 por d
020 ## - INTERNATIONAL STANDARD BOOK NUMBER
Nº do ISBN 857761509x
040 ## - AGÊNCIA CATALOGADORA
Código da Agência Catalogadora BR-CuiBMT
Agência que transcreveu o registro BR-CuiBMT
080 ## - Nº DA CLASSIFICAÇÃO DECIMAL UNIVERSAL
Nº edição CDU 2007
Nº Class. CDU 347.91/.95
090 ## - NÚMERO DE CHAMADA
Nº classificação 347.91/.95
Cutter D556c
Ano/Edição 7. ed.
100 1# - ENTRADA PRINCIPAL -- AUTOR PESSOAL
Nome pessoal Didier Junior, Fredie,
Datas associadas ao nome 1974-
245 10 - TÍTULO PRINCIPAL
Título principal Curso de direito processual civil /
Indicação de responsabilidade Fredie Didier Jr., Paula Sarno Braga, Rafaela Oliveira.
250 ## - EDIÇÃO
Edição 7. ed., rev., ampl. e atual.
260 ## - PUBLICAÇÃO, DISTRIBUIÇÃO, ETC.
Local de publicação Salvador :
Editora JusPODIVM,
Data 2012.
300 ## - DESCRIÇÃO FÍSICA
N. páginas ou volumes 6 v. ;
Dimensões 24 cm
504 ## - NOTA DE BIBLIOGRAFIA, ETC.
Nota de bibliografia Inclui bibliografia.
505 1# - NOTA DE CONTEÚDO
Nota de conteúdo v. 2. Teoria da prova, direito probatório, teoria do precedente, decisão judicial, coisa julgada e antecipação dos efeitos da tutela
590 ## - NOTA LOCAL
Nota local A Biblioteca possui somente o volume 2.
650 ## - ASSUNTO TÓPICO
Cabeçalho tópico ou nome geográfico Direito civil
Subdivisão geográfica Brasil
650 ## - ASSUNTO TÓPICO
Cabeçalho tópico ou nome geográfico Processo civil
Subdivisão geral Teoria da prova
Subdivisão geográfica Processo civil
650 ## - ASSUNTO TÓPICO
Cabeçalho tópico ou nome geográfico Processo civil
Subdivisão geral Prova testemunhal
650 ## - ASSUNTO TÓPICO
Cabeçalho tópico ou nome geográfico Processo civil
Subdivisão geral Prova pericial
700 1# - ENTRADA SECUNDÁRIA -- NOME PESSOAL
Nome pessoal Braga, Paula Sarno
700 1# - ENTRADA SECUNDÁRIA -- NOME PESSOAL
Nome pessoal Oliveira, Rafael
942 ## - ELEMENTOS DE ENTRADA ADICIONAIS (KOHA)
Fonte de classificação ou esquema de arquivamento Classificação Decimal Universal
Tipo de item do Koha Livros
Holdings
Estado: removido Estado: perdido Fonte de classificação ou esquema de arquivamento Estado: danificado Indisponível para empréstimo Localização permanente Localização atual Data de aquisição Numeração serial ou cronológica (Volume) Total Checkouts Número de Chamada completo Código de barras Date last seen Date last checked out Número do exemplar Preço efetivo a partir de Tipo de item (Koha)
    Classificação Decimal Universal     Biblioteca da Escola Superior de Contas do TCE/MT Biblioteca da Escola Superior de Contas do TCE/MT 09/11/2023 v. 2 1 347.91/95 D556c 7. ed. BIBTCEMT23110399 11/09/2024 13/08/2024 Ex. 1 09/11/2023 Livros

Powered by Koha